00421nam a2200157Ia 4500008004100000020001800041082001900059100001800078245005500096250000800151260003100159300001500190650001500205650002500220700001800245220501s2022 xx 000 0 eng d a9788194740049 a658.4012 KAZ-S aKazmi, Azahar 0aStrategic managementcAzahar Kazmi and Adela Kazmi a5th aChennaibMcGraw Hillc2022 axxxiv, 788 aManagement aStrategic management aKazami, Adela